| 000 | 00712nam a2200181 a 4500 | ||
|---|---|---|---|
| 005 | 20231128063715.0 | ||
| 008 | 991125s1994 mx 000 0 spa u | ||
| 035 | _aUPN01000003219 | ||
| 049 | _aSEP | ||
| 050 | 4 |
_aLB1732 _bM4.2 |
|
| 110 | 1 |
_aMéxico. _bSubsecretaría de Servicios Educativos para el Distrito Federal _931576 |
|
| 245 | 1 | 0 |
_aAntología general / _cSubsecretaría de Servicios Educativos para el Distrito Federal. |
| 260 |
_aMéxico : _bSEP, _c1994. |
||
| 300 |
_a253 p. : _bil. |
||
| 505 | 8 |
_aContenido: _g1a. parte. _tSobre el papel del docente -- _g2a. parte. _tSobre lo indígena -- _g3a. parte. _tElementos para el trabajo docente |
|
| 650 | 4 |
_aIndígenas de México _xEducación _910 |
|
| 905 | _aLibro | ||
| 999 |
_c3219 _d3219 |
||